नन्हे जगमग तारे / (Record no. 209287)

MARC details
000 -LEADER
fixed length control field 00957nam a22001937a 4500
005 - DATE AND TIME OF LATEST TRANSACTION
control field 20260127121236.0
010 ## - LCCN (DPL NO)
LC control number B-777918 20BACCHHN25
020 ## - INTERNATIONAL STANDARD BOOK NUMBER
International Standard Book Number 9789334226362
Terms of availability 299.00
035 ## - SYSTEM CONTROL NUMBER
System control number B-777918
037 ## - SOURCE OF ACQUISITION
Source of stock number/acquisition उपहार
082 ## - DEWEY DECIMAL CLASSIFICATION NUMBER
Classification number 821
100 ## - MAIN ENTRY--PERSONAL NAME
Personal name शुक्ल,रजनीकान्त
245 ## - TITLE STATEMENT
Title नन्हे जगमग तारे /
Statement of responsibility, etc रजनीकान्त शुक्ल
260 ## - PUBLICATION, DISTRIBUTION, ETC. (IMPRINT)
Place of publication, distribution, etc गाजियाबाद
Name of publisher, distributor, etc 5 जी पब्लिकेशन्स
Date of publication, distribution, etc 2024
270 ## - ADDRESS
Address के.ए. 363, सेक्टर 12, प्रताप विहार
City गाजियाबाद
Postal code 210009
300 ## - PHYSICAL DESCRIPTION
Extent 120पृ.
Dimensions 23सेमी(सजिल्द)
Other physical details सचित्र
942 ## - ADDED ENTRY ELEMENTS (KOHA)
Source of classification or shelving scheme Dewey Decimal Classification
Item type Children Books
Classification part 821
Call number suffix शुक्लर
Holdings
Withdrawn status Lost status Not for loan Collection code Home library Current library Date acquired Source of acquisition Cost, normal purchase price Full call number Barcode Copy number Cost, replacement price Koha item type Public note
      Non-fiction Mobile Library Mobile Library 27/01/2026 उपहार / 27.01.2026 299.00 821 शुक्लर B-777918 1 299.00 Children Books उपहार

© Delhi Public Library
Hit Counter
free hit counter